| 000 | 00604nam a2200229Ia 4500 | ||
|---|---|---|---|
| 005 | 20240229093026.0 | ||
| 008 | 131103s9999 xx 000 0 und d | ||
| 020 | _cRs.25 | ||
| 040 | _aLoreto College | ||
| 041 | _aEnglish | ||
| 082 |
_a371 _bBHA |
||
| 100 | _aBhatnagar,R.P. | ||
| 245 |
_aEducational Administration, _cR.P.Bhatnagar and I.B.Verma |
||
| 260 |
_aMeerut _bLoyal Book Depot _c1978 |
||
| 300 | _aiii,246 p. | ||
| 504 | _aIncludes index | ||
| 650 | _aSchools and their activities | ||
| 651 | _aSchool Administration | ||
| 700 | _aVerma,I.B. | ||
| 850 | _aLCLIB | ||
| 942 | _cBK | ||
| 999 |
_c9086 _d59565 |
||